000 00735nam a2200217Ia 4500
020 _a0769000835
040 _cXCX
082 _a372 BRI 2000 C342 Or.
100 1 _aBritton, Jill.
245 1 0 _a Symmetry and tessellations
260 _aPalo Alto, Calif. :
_bDale Seymour Publications,
_cc2000.
300 _a 184 pages :
_bill. ;
_c28 cm. +
_e4 page erratum
500 _aCompanion book to Introduction to tessellations.
520 _aContains transparency masters, duplication masters, and innovative activities for teaching tessellating art. [p. iv, intro.]
650 0 _aSymmetry.
650 0 _aTessellations (Mathematics)
650 0 _aGeometry
650 0 _aMathematics
700 1 _aBritton, Walter.
942 _cAEDBB
999 _c22530
_d22530